Largest Cities in China - Statistics

General Stats
  • This quiz has been taken 18 times
  • The average score is 15 of 20
Answer Stats
Population Answer % Correct
29,210,808 Shanghai
100%
21,766,214 Beijing
94%
17,340,704 Chongqing
94%
14,284,353 Guangzhou
94%
8,785,174 Xi'an
94%
9,653,772 Chengdu
88%
9,698,464 Nanjing
88%
14,238,643 Tianjin
88%
8,718,250 Wuhan
88%
8,237,206 Hangzhou
82%
6,803,811 Harbin
82%
5,986,525 Qingdao
82%
7,680,967 Shenyang
82%
5,806,031 Jinan
76%
5,859,272 Zhengzhou
76%
6,077,995 Dalian
65%
8,074,031 Suzhou
59%
7,587,049 Dongguan
53%
7,597,386 Foshan
41%
13,072,633 Shenzen
18%
No matching quizzes found
Score Distribution
Percent of People with Each Score
Percentile by Number Answered
Your Score History
You have not taken this quiz